| 000 | 00340nam a22001457a 4500 | ||
|---|---|---|---|
| 008 | 210312b ||||| |||| 00| 0 eng d | ||
| 020 | _a2900321826298 | ||
| 041 | _aeng | ||
| 080 |
_212th _a311 |
||
| 082 |
_212th _a311 |
||
| 100 | _a55 | ||
| 101 | _aSTA | ||
| 245 |
_aStatistics for Business and Economics _cMcclave,T.J |
||
| 942 |
_2udc _cBK |
||
| 999 |
_c56510 _d56510 |
||